[Event "Titled Tuesday intern op 24th Sep Early"]
[Site "Chess.com INT"]
[Date "2024.09.24"]
[Round "9"]
[White "Bodnar, Bogdan"]
[Black "Pahomov, Ruslan"]
[Result "0-1"]
[WhiteElo "1984"]
[BlackElo "2191"]
[PlyCount "54"]
[EventDate "2024.09.24"]
[EventType "swiss (blitz)"]
[EventRounds "11"]
[EventCountry "USA"]
[SourceTitle "EXT 2025"]
[Source "ChessBase"]
[SourceDate "2024.10.14"]
[SourceVersion "1"]
[SourceVersionDate "2024.10.14"]
[SourceQuality "1"]

1. c4 c6 2. e4 d5 3. exd5 cxd5 4. cxd5 Qxd5 5. Nc3 Qd6 6. Nf3 Nf6 7. Bc4 Nc6 8. d4 e6 9. 0-0 a6 10. d5 exd5 11. Nxd5 Nxd5 12. Bxd5 Be7 13. Ng5 0-0 14. Qd3 g6 15. Rd1 Qe5 16. Nf3 Qg7 17. Qb3 Nd8 18. Bg5 Bxg5 19. Nxg5 Bg4 20. f3 Bf5 21. g4 Qf6 22. Nh3 Be6 23. Kg2 Bxd5 24. Qxd5 Nc6 25. b3 Rad8 26. Qe4 Rde8 27. Qd3 Ne5 0-1

[Event "Titled Tuesday intern op 24th Sep Early"]
[Site "Chess.com INT"]
[Date "2024.09.24"]
[Round "8"]
[White "Hernandez Jimenez, Alexander Andres"]
[Black "Pahomov, Ruslan"]
[Result "1-0"]
[WhiteElo "2026"]
[BlackElo "2191"]
[PlyCount "83"]
[EventDate "2024.09.24"]
[EventType "swiss (blitz)"]
[EventRounds "11"]
[EventCountry "USA"]
[SourceTitle "EXT 2025"]
[Source "ChessBase"]
[SourceDate "2024.10.14"]
[SourceVersion "1"]
[SourceVersionDate "2024.10.14"]
[SourceQuality "1"]

1. e4 c5 2. Nf3 Nc6 3. d4 cxd4 4. Nxd4 Nf6 5. Nc3 e5 6. Ndb5 d6 7. Bg5 a6 8. Na3 b5 9. Bxf6 gxf6 10. Nd5 Bg7 11. c3 Be6 12. Nc2 Ne7 13. Nce3 Nxd5 14. Nxd5 0-0 15. Be2 Qb8 16. 0-0 Qb7 17. Bf3 Bxd5 18. exd5 f5 19. g3 Rac8 20. Qd2 Rc5 21. Rfd1 a5 22. a4 bxa4 23. Rxa4 e4 24. Be2 Rb8 25. b4 axb4 26. Rxb4 Qc7 27. Rxb8+ Qxb8 28. c4 Qd8 29. Rb1 Ra5 30. h4 Ra3 31. Qf4 Qf6 32. Rb8+ Bf8 33. Kg2 h6 34. Bg4 Rc3 35. Bxf5 Qg7 36. Bxe4 h5 37. Qf5 Rxc4 38. Bd3 Rd4 39. Rxf8+ Kxf8 40. Qc8+ Ke7 41. Qc7+ Kf6 42. Qxd6# 1-0

[Event "Titled Tuesday intern op 24th Sep Early"]
[Site "Chess.com INT"]
[Date "2024.09.24"]
[Round "6"]
[White "Pahomov, Ruslan"]
[Black "Cramling Bellon, Anna"]
[Result "1-0"]
[WhiteElo "2191"]
[BlackElo "2066"]
[PlyCount "59"]
[EventDate "2024.09.24"]
[EventType "swiss (blitz)"]
[EventRounds "11"]
[EventCountry "USA"]
[SourceTitle "EXT 2025"]
[Source "ChessBase"]
[SourceDate "2024.10.14"]
[SourceVersion "1"]
[SourceVersionDate "2024.10.14"]
[SourceQuality "1"]

1. d4 d5 2. c4 e6 3. Nf3 Nf6 4. Nc3 c6 5. e3 Be7 6. Qc2 0-0 7. Bd3 dxc4 8. Bxc4 b5 9. Be2 Bb7 10. 0-0 Nbd7 11. a3 a6 12. Rd1 Qc7 13. b4 a5 14. Nxb5 Qd8 15. Nc3 axb4 16. Na4 Qa5 17. axb4 Bxb4 18. Bb2 Qc7 19. Rdc1 c5 20. dxc5 Bc6 21. Nb6 Rxa1 22. Bxa1 Nxc5 23. Nc4 Be4 24. Qb2 Rb8 25. Qa2 Nd3 26. Bxd3 Bxd3 27. Be5 Qb7 28. Bxb8 Qxb8 29. Nce5 Bd6 30. Nxd3 1-0

[Event "Titled Tuesday intern op 24th Sep Early"]
[Site "Chess.com INT"]
[Date "2024.09.24"]
[Round "11"]
[White "Pahomov, Ruslan"]
[Black "Hajiyev, Kanan"]
[Result "1-0"]
[WhiteElo "2191"]
[BlackElo "2109"]
[PlyCount "117"]
[EventDate "2024.09.24"]
[EventType "swiss (blitz)"]
[EventRounds "11"]
[EventCountry "USA"]
[SourceTitle "EXT 2025"]
[Source "ChessBase"]
[SourceDate "2024.10.14"]
[SourceVersion "1"]
[SourceVersionDate "2024.10.14"]
[SourceQuality "1"]

1. d4 a6 2. c4 c6 3. Nc3 d5 4. e3 Nf6 5. Nf3 Bg4 6. h3 Bh5 7. g4 Bg6 8. Ne5 e6 9. Qb3 b5 10. c5 Nfd7 11. Nxg6 hxg6 12. a4 Nf6 13. axb5 cxb5 14. Bxb5+ Nbd7 15. Ba4 Nxg4 16. c6 Bd6 17. cxd7+ Kf8 18. Nxd5 Qh4 19. Rf1 Nh2 20. Qb6 Bg3 21. Qc5+ Kg8 22. Qe7 Nxf1 23. Qxh4 Bxh4 24. Nc7 Ra7 25. Ne8 Nh2 26. Ke2 Rh5 27. Bd2 a5 28. Rc1 Kf8 29. Nd6 Rd5 30. Rc8+ Ke7 31. Ne4 Rdxd7 32. Bxd7 Rxd7 33. Bxa5 Rb7 34. Rh8 Bf6 35. Bd8+ Kd7 36. Nc5+ Kc6 37. Nxb7 Kxb7 38. Bxf6 gxf6 39. Rc8 Kxc8 40. f3 f5 41. Kf2 f4 42. exf4 Kd7 43. Kg2 Kd6 44. Kxh2 Kd5 45. Kg3 Kxd4 46. Kg4 f6 47. h4 Ke3 48. b4 Kd4 49. h5 gxh5+ 50. Kxh5 Kc4 51. Kg6 e5 52. f5 Kxb4 53. Kxf6 e4 54. fxe4 Kc4 55. e5 Kd5 56. e6 Kd6 57. e7 Kd7 58. Kf7 Kd6 59. e8Q 1-0

[Event "Titled Tuesday intern op 17th Sep Late"]
[Site "Chess,com INT"]
[Date "2024.09.17"]
[Round "2"]
[White "Pahomov, Ruslan"]
[Black "Jacobson, Aaron"]
[Result "0-1"]
[WhiteElo "2191"]
[BlackElo "2390"]
[PlyCount "48"]
[EventDate "2024.09.17"]
[EventType "swiss (blitz)"]
[EventRounds "11"]
[EventCountry "USA"]
[SourceTitle "EXT 2025"]
[Source "ChessBase"]
[SourceDate "2024.10.14"]
[SourceVersion "1"]
[SourceVersionDate "2024.10.14"]
[SourceQuality "1"]

1. d4 Nf6 2. c4 e6 3. Nf3 d5 4. Nc3 Ne4 5. Qc2 Nxc3 6. Qxc3 a5 7. a3 Bb4 8. axb4 axb4 9. Qxb4 Rxa1 10. Kd1 Nc6 11. Qc3 0-0 12. e3 e5 13. cxd5 exd4 14. exd4 Qxd5 15. Bc4 Qd6 16. b3 Ra2 17. Be3 Bg4 18. Kc1 Qa3+ 19. Kb1 Ra8 20. Bc1 Bf5+ 21. Bd3 Ra1+ 22. Kc2 Nb4+ 23. Kd2 Qa2+ 24. Ke3 Nd5# 0-1

[Event "Titled Tuesday intern op 17th Sep Late"]
[Site "Chess,com INT"]
[Date "2024.09.17"]
[Round "10"]
[White "Schuster, Karsten"]
[Black "Pahomov, Ruslan"]
[Result "0-1"]
[WhiteElo "2283"]
[BlackElo "2191"]
[PlyCount "80"]
[EventDate "2024.09.17"]
[EventType "swiss (blitz)"]
[EventRounds "11"]
[EventCountry "USA"]
[SourceTitle "EXT 2025"]
[Source "ChessBase"]
[SourceDate "2024.10.14"]
[SourceVersion "1"]
[SourceVersionDate "2024.10.14"]
[SourceQuality "1"]

1. d4 d5 2. c4 c6 3. cxd5 cxd5 4. Bf4 Nc6 5. e3 Nf6 6. Nc3 a6 7. Bd3 e6 8. Rc1 Bd6 9. Bg3 0-0 10. Bb1 Qe7 11. a3 Bd7 12. Nf3 Rac8 13. Bh4 h6 14. Qc2 g6 15. Qe2 Kg7 16. Bg3 Na5 17. Bxd6 Qxd6 18. Ne5 Nb3 19. Rd1 b5 20. Nxg6 fxg6 21. Qc2 Ne4 22. Qxb3 Nxf2 23. Rf1 Nxd1 24. Qxd1 Rxf1+ 25. Kxf1 Rf8+ 26. Kg1 b4 27. axb4 Qxb4 28. Qc2 Be8 29. Qd2 Rf6 30. e4 dxe4 31. Bxe4 Bb5 32. Bf3 a5 33. h3 a4 34. d5 exd5 35. Qxd5 Bc6 36. Qe5 Bxf3 37. gxf3 Qxb2 38. Qe7+ Rf7 39. Qe5+ Kh7 40. Ne4 Qxe5 0-1

[Event "Titled Tuesday intern op 10th Sep Late"]
[Site "Chess,com INT"]
[Date "2024.09.10"]
[Round "10"]
[White "Pahomov, Ruslan"]
[Black "Gyenes, Mate"]
[Result "1-0"]
[WhiteElo "2191"]
[BlackElo "2205"]
[PlyCount "93"]
[EventDate "2024.09.10"]
[EventType "swiss (blitz)"]
[EventRounds "11"]
[EventCountry "USA"]
[SourceTitle "EXT 2025"]
[Source "ChessBase"]
[SourceDate "2024.10.14"]
[SourceVersion "1"]
[SourceVersionDate "2024.10.14"]
[SourceQuality "1"]

1. d4 Nf6 2. c4 g6 3. Nc3 d6 4. e4 Bg7 5. h3 0-0 6. Be3 c5 7. d5 Qa5 8. Bd2 Qb6 9. Qc2 e6 10. Nf3 exd5 11. cxd5 Nbd7 12. Be2 Re8 13. 0-0 a6 14. Bf4 Qc7 15. a4 Ne5 16. Nxe5 dxe5 17. Be3 b6 18. Rfd1 Qd6 19. Nb1 h5 20. Na3 Nd7 21. Nc4 Qf6 22. Rab1 b5 23. Na3 c4 24. axb5 axb5 25. Nxb5 Rb8 26. Bxc4 Nb6 27. Be2 Ba6 28. Nc3 Nc4 29. Bxc4 Bxc4 30. b3 Ba6 31. d6 Red8 32. Nd5 Qxd6 33. Bg5 Qe6 34. Bxd8 Rxd8 35. Nc7 Rc8 36. Nxe6 Rxc2 37. Nxg7 Kxg7 38. b4 Bb5 39. Rd5 Bc6 40. Rxe5 Re2 41. f3 f6 42. Rc5 Ba4 43. b5 Kh6 44. b6 Bc2 45. Rxc2 Rxc2 46. b7 Rc1+ 47. Rxc1 1-0

[Event "Titled Tuesday intern op 10th Sep Late"]
[Site "Chess,com INT"]
[Date "2024.09.10"]
[Round "3"]
[White "Pahomov, Ruslan"]
[Black "Lorenzo de la Riva, Lazaro"]
[Result "1/2-1/2"]
[WhiteElo "2191"]
[BlackElo "2415"]
[PlyCount "177"]
[EventDate "2024.09.10"]
[EventType "swiss (blitz)"]
[EventRounds "11"]
[EventCountry "USA"]
[SourceTitle "EXT 2025"]
[Source "ChessBase"]
[SourceDate "2024.10.14"]
[SourceVersion "1"]
[SourceVersionDate "2024.10.14"]
[SourceQuality "1"]

1. d4 e6 2. c4 d5 3. Nf3 c6 4. Nc3 dxc4 5. a4 Bb4 6. Ne5 Nd7 7. Nxc4 Ngf6 8. e3 0-0 9. Bd3 a5 10. 0-0 Qe7 11. Ne2 e5 12. dxe5 Nxe5 13. Nxe5 Qxe5 14. Qc2 Ng4 15. Ng3 h6 16. Bd2 Bxd2 17. Qxd2 Be6 18. Qc2 Rfd8 19. Rad1 Rd7 20. Bh7+ Kh8 21. Rxd7 Bxd7 22. Be4 Nf6 23. Bf3 Be6 24. Rd1 g6 25. Ne4 Nxe4 26. Bxe4 Kg7 27. f4 Qf6 28. Bf3 Rd8 29. Rxd8 Qxd8 30. Qc3+ Qf6 31. Qxa5 Qxb2 32. h3 h5 33. Kh2 h4 34. Qg5 Qf2 35. Qe5+ Kh7 36. Qg5 Kg7 37. Qe5+ Kh7 38. Qg5 Qxe3 39. Qxh4+ Kg7 40. Qg5 Qd4 41. a5 f6 42. Qg3 Kf7 43. Bg4 f5 44. Be2 Qa4 45. Qc3 Qxf4+ 46. Kg1 Qd6 47. a6 bxa6 48. Bxa6 c5 49. Bc4 Qd4+ 50. Qxd4 cxd4 51. Bd3 Kf6 52. Kf2 Ke5 53. g3 Bd5 54. h4 Be4 55. Bc4 Bd5 56. Bd3 Kf6 57. Ke2 g5 58. hxg5+ Kxg5 59. Kf2 Be4 60. Bc4 Kf6 61. Ke2 Ke5 62. Kf2 Kd6 63. Ba6 Kc5 64. Ke2 Kb4 65. Kd2 Kc5 66. Ke2 Kd6 67. Kf2 Ke5 68. Bc4 Kf6 69. Ba6 Kg5 70. Bb5 Bd5 71. Bd3 Be4 72. Bb5 Bc2 73. Bc4 d3 74. Ke3 Kg4 75. Be6 Bb1 76. Kd2 Kg5 77. Bd7 Kg4 78. Bc8 Bc2 79. Bd7 Ba4 80. Bxa4 Kxg3 81. Bc6 f4 82. Kxd3 Kg4 83. Be4 Kg3 84. Ke2 Kg4 85. Bf3+ Kg3 86. Be4 Kh2 87. Kf2 Kh3 88. Kf3 Kh4 89. Kxf4 1/2-1/2

[Event "Titled Tuesday intern op 10th Sep Late"]
[Site "Chess,com INT"]
[Date "2024.09.10"]
[Round "9"]
[White "Reprintsev, Alexander"]
[Black "Pahomov, Ruslan"]
[Result "0-1"]
[WhiteElo "2230"]
[BlackElo "2191"]
[PlyCount "116"]
[EventDate "2024.09.10"]
[EventType "swiss (blitz)"]
[EventRounds "11"]
[EventCountry "USA"]
[SourceTitle "EXT 2025"]
[Source "ChessBase"]
[SourceDate "2024.10.14"]
[SourceVersion "1"]
[SourceVersionDate "2024.10.14"]
[SourceQuality "1"]

1. e4 c5 2. b3 g6 3. Bb2 Nf6 4. e5 Nd5 5. Nc3 Nc7 6. d4 cxd4 7. Qxd4 Nc6 8. Qe3 Bg7 9. Nf3 0-0 10. 0-0-0 a6 11. h4 h5 12. Ne4 b5 13. Neg5 Bb7 14. Bd3 Nd5 15. Qd2 e6 16. Be4 Nce7 17. Kb1 Rc8 18. Rhe1 Ba8 19. Rc1 d6 20. exd6 Bxb2 21. Kxb2 Qxd6 22. c3 Qb6 23. Qd4 Qb8 24. Ka1 b4 25. c4 Nc6 26. Qd2 Nc3 27. Rxc3 bxc3 28. Qxc3 e5 29. Bd5 Qc7 30. Qd3 Kg7 31. g4 hxg4 32. Nh2 f5 33. h5 Nd4 34. Bxa8 Rxa8 35. Qxd4 exd4 36. Ne6+ Kf6 37. Nxc7 Rac8 38. Nd5+ Kg5 39. hxg6 Rh8 40. Nf1 Rce8 41. Rd1 Kxg6 42. Ng3 f4 43. Nf1 Kf5 44. Nd2 Rh2 45. Rf1 f3 46. Kb2 Re2 47. Kc2 Rhxf2 48. Rxf2 Rxf2 49. Kd3 g3 50. Ne7+ Ke6 51. Ng6 g2 52. Ne4 Re2 53. Nf4+ Kf5 54. Nxe2 fxe2 55. Kxe2 g1Q 56. Nf2 Qg2 57. Ke1 Qf3 58. Kf1 d3 0-1

[Event "Titled Tuesday intern op 03rd Sep Early"]
[Site "Chess.com INT"]
[Date "2024.09.03"]
[Round "8"]
[White "Pahomov, Ruslan"]
[Black "Sanhueza, Cristian"]
[Result "1-0"]
[WhiteElo "2191"]
[BlackElo "2194"]
[PlyCount "81"]
[EventDate "2024.09.03"]
[EventType "swiss (blitz)"]
[EventRounds "11"]
[EventCountry "USA"]
[SourceTitle "EXT 2025"]
[Source "ChessBase"]
[SourceDate "2024.10.14"]
[SourceVersion "1"]
[SourceVersionDate "2024.10.14"]
[SourceQuality "1"]

1. d4 Nf6 2. c4 g6 3. Nc3 Bg7 4. e4 d6 5. h3 0-0 6. Be3 c5 7. d5 e6 8. Nf3 exd5 9. cxd5 b5 10. e5 dxe5 11. Bxb5 e4 12. Ne5 Nbd7 13. Nc4 Bb7 14. 0-0 Rc8 15. Nd6 Rb8 16. Nxb7 Rxb7 17. Qe2 Qa5 18. Bc6 Rc7 19. Nb5 Rcc8 20. a4 Rfd8 21. Nd6 Rb8 22. Nb7 Rxb7 23. Bxb7 Ne5 24. Rfd1 Nd3 25. f3 Nh5 26. fxe4 Nxb2 27. Rd2 Qb4 28. Bc6 Ng3 29. Qf3 Nxe4 30. Rc2 Nc4 31. Rd1 Ne5 32. Qe2 Nc3 33. Rxc3 Qxc3 34. Rc1 Qa3 35. Rxc5 h5 36. Rc2 Qa1+ 37. Kh2 Qa3 38. Bc5 Qb3 39. Be7 Rc8 40. Bd6 h4 41. Rb2 1-0

[Event "Titled Tuesday intern op 06th Aug Late"]
[Site "Chess.com INT"]
[Date "2024.08.06"]
[Round "7"]
[White "Corona Monraz, Ramiro"]
[Black "Pahomov, Ruslan"]
[Result "1-0"]
[WhiteElo "1969"]
[BlackElo "2191"]
[PlyCount "57"]
[EventDate "2024.08.06"]
[EventType "swiss (blitz)"]
[EventRounds "11"]
[EventCountry "USA"]
[SourceTitle "EXT 2025"]
[Source "ChessBase"]
[SourceDate "2024.10.14"]
[SourceVersion "1"]
[SourceVersionDate "2024.10.14"]
[SourceQuality "1"]

1. b4 Nf6 2. Bb2 e6 3. a3 d5 4. e3 a5 5. b5 b6 6. f4 Ne4 7. Nf3 Nd6 8. Nd4 Bd7 9. a4 c6 10. Be2 cxb5 11. axb5 Be7 12. 0-0 Bf6 13. Na3 0-0 14. c4 Qe7 15. cxd5 exd5 16. Qb3 Be6 17. Bf3 a4 18. Qd3 Nd7 19. Nc6 Qe8 20. Bxf6 Nxf6 21. Nd4 Qd7 22. Rfc1 Nf5 23. Nxf5 Bxf5 24. Qd4 Rfc8 25. Qxb6 Rcb8 26. Qd4 Qd6 27. Rc6 Qd7 28. Qc5 Be4 29. Be2 1-0

[Event "Titled Tuesday intern op 06th Aug Late"]
[Site "Chess.com INT"]
[Date "2024.08.06"]
[Round "8"]
[White "Pahomov, Ruslan"]
[Black "Lantini, Marco"]
[Result "1-0"]
[WhiteElo "2191"]
[BlackElo "1965"]
[PlyCount "81"]
[EventDate "2024.08.06"]
[EventType "swiss (blitz)"]
[EventRounds "11"]
[EventCountry "USA"]
[SourceTitle "EXT 2025"]
[Source "ChessBase"]
[SourceDate "2024.10.14"]
[SourceVersion "1"]
[SourceVersionDate "2024.10.14"]
[SourceQuality "1"]

1. d4 Nf6 2. c4 e6 3. Nf3 d5 4. Nc3 c6 5. Bg5 Nbd7 6. e3 h6 7. Bh4 Be7 8. Bd3 dxc4 9. Bxc4 b5 10. Bd3 Bb7 11. 0-0 a6 12. Bxf6 Nxf6 13. Ne4 Nxe4 14. Bxe4 0-0 15. Rc1 Qb6 16. Ne5 Rac8 17. Nd7 Qa5 18. Nxf8 Bxf8 19. a3 Qb6 20. Qc2 c5 21. Bxb7 Qxb7 22. dxc5 Rxc5 23. Qd3 Rd5 24. Qe4 Qb8 25. Rfd1 Re5 26. Qf3 Rf5 27. Qg3 Qb6 28. b4 a5 29. Rc8 Rd5 30. Rxd5 exd5 31. Qb8 Qxb8 32. Rxb8 axb4 33. axb4 g6 34. Rxb5 Kg7 35. Rb7 Bd6 36. b5 g5 37. b6 h5 38. Rd7 Bc5 39. b7 Ba7 40. Rd8 g4 41. b8Q 1-0

[Event "Titled Tuesday intern op 06th Aug Late"]
[Site "Chess.com INT"]
[Date "2024.08.06"]
[Round "6"]
[White "Pahomov, Ruslan"]
[Black "Reinecke, Katharina"]
[Result "1-0"]
[WhiteElo "2191"]
[BlackElo "1960"]
[PlyCount "37"]
[EventDate "2024.08.06"]
[EventType "swiss (blitz)"]
[EventRounds "11"]
[EventCountry "USA"]
[SourceTitle "EXT 2025"]
[Source "ChessBase"]
[SourceDate "2024.10.14"]
[SourceVersion "1"]
[SourceVersionDate "2024.10.14"]
[SourceQuality "1"]

1. d4 d5 2. c4 c6 3. Nc3 Nf6 4. Nf3 e6 5. Bg5 Be7 6. e3 0-0 7. Bd3 h6 8. Bh4 dxc4 9. Bxc4 b5 10. Bd3 a6 11. 0-0 Bb7 12. Bxf6 Bxf6 13. Ne4 Nd7 14. Rc1 Be7 15. Bb1 Rc8 16. Nc5 Nxc5 17. dxc5 Rc7 18. Qc2 Rd7 19. Qh7# 1-0

[Event "Titled Tuesday intern op 06th Aug Late"]
[Site "Chess.com INT"]
[Date "2024.08.06"]
[Round "9"]
[White "Porat, Tori"]
[Black "Pahomov, Ruslan"]
[Result "1-0"]
[WhiteElo "1854"]
[BlackElo "2191"]
[PlyCount "59"]
[EventDate "2024.08.06"]
[EventType "swiss (blitz)"]
[EventRounds "11"]
[EventCountry "USA"]
[SourceTitle "EXT 2025"]
[Source "ChessBase"]
[SourceDate "2024.10.14"]
[SourceVersion "1"]
[SourceVersionDate "2024.10.14"]
[SourceQuality "1"]

1. d4 Nf6 2. c4 g6 3. Nc3 Bg7 4. e4 d6 5. Be2 0-0 6. Be3 e5 7. Nf3 exd4 8. Nxd4 Re8 9. f3 c6 10. 0-0 d5 11. cxd5 cxd5 12. Qb3 dxe4 13. fxe4 Nxe4 14. Qxf7+ Kh8 15. Nd5 Nd6 16. Qf2 Nf5 17. Nxf5 Bxf5 18. Rad1 Qa5 19. Bf4 Nc6 20. Nc7 Qb4 21. Nxe8 Rxe8 22. Kh1 Bd4 23. Qf3 Bxb2 24. Bd3 Nd4 25. Qg3 Bxd3 26. Be5+ Kg8 27. Rxd3 Ne2 28. Qf2 Rxe5 29. Qf7+ Kh8 30. Rd8+ 1-0

[Event "Titled Tuesday intern op 30th Jul Late"]
[Site "Chess.com INT"]
[Date "2024.07.30"]
[Round "9"]
[White "Pahomov, Ruslan"]
[Black "Vila Dupla, Aurelio"]
[Result "1-0"]
[WhiteElo "2191"]
[BlackElo "2042"]
[PlyCount "45"]
[EventDate "2024.07.30"]
[EventType "swiss (blitz)"]
[EventRounds "11"]
[EventCountry "USA"]
[SourceTitle "EXT 2025"]
[Source "ChessBase"]
[SourceDate "2024.10.14"]
[SourceVersion "1"]
[SourceVersionDate "2024.10.14"]
[SourceQuality "1"]

1. e4 d6 2. d4 Nf6 3. Nc3 g6 4. Nf3 Bg7 5. Be3 c6 6. Qd2 h5 7. 0-0-0 b5 8. Bd3 b4 9. Ne2 a5 10. h3 Ba6 11. e5 dxe5 12. dxe5 Nd5 13. e6 f5 14. Bd4 Bh6 15. Ng5 Nf6 16. f4 Rf8 17. Kb1 Bg7 18. Nf7 Rxf7 19. exf7+ Kxf7 20. Bxf6 Kxf6 21. Qe3 Bxd3 22. Rxd3 Qc7 23. Nd4 1-0

[Event "Titled Tuesday intern op 23rd Jul Early"]
[Site "Chess.com INT"]
[Date "2024.07.23"]
[Round "3"]
[White "Domingo Nunez, Alejandro"]
[Black "Pahomov, Ruslan"]
[Result "1-0"]
[WhiteElo "2318"]
[BlackElo "2191"]
[PlyCount "75"]
[EventDate "2024.07.23"]
[EventType "swiss (blitz)"]
[EventRounds "11"]
[EventCountry "USA"]
[SourceTitle "EXT 2025"]
[Source "ChessBase"]
[SourceDate "2024.10.14"]
[SourceVersion "1"]
[SourceVersionDate "2024.10.14"]
[SourceQuality "1"]

1. e4 e5 2. Nf3 Nc6 3. Bc4 Nf6 4. d3 Bc5 5. 0-0 d6 6. c3 a5 7. Re1 h6 8. Nbd2 0-0 9. h3 Bd7 10. Nf1 a4 11. d4 Bb6 12. Ng3 Re8 13. Bd3 exd4 14. cxd4 Nxd4 15. Bf4 Bc6 16. Nd2 Ne6 17. Be3 Nc5 18. Bc2 Qe7 19. Nc4 Ba5 20. e5 Bxe1 21. exf6 Qxf6 22. Qxe1 d5 23. Qd2 Ne6 24. Qd3 g6 25. Nd2 Kh7 26. Nf3 Qxb2 27. Rb1 Qf6 28. Nd4 Nc5 29. Qc3 Ne4 30. Nxe4 dxe4 31. Qc5 Rad8 32. Nxc6 bxc6 33. Bxa4 Re6 34. Bb3 Red6 35. Qc4 R8d7 36. Qxe4 Qe7 37. Qc4 f5 38. Bc5 1-0

[Event "Titled Tuesday intern op 16th Jul Early"]
[Site "Chess.com INT"]
[Date "2024.07.16"]
[Round "6"]
[White "Pahomov, Ruslan"]
[Black "Korelskiy, Egor"]
[Result "0-1"]
[WhiteElo "2191"]
[BlackElo "2178"]
[PlyCount "74"]
[EventDate "2024.07.16"]
[EventType "swiss (blitz)"]
[EventRounds "11"]
[EventCountry "USA"]
[SourceTitle "EXT 2025"]
[Source "ChessBase"]
[SourceDate "2024.10.14"]
[SourceVersion "1"]
[SourceVersionDate "2024.10.14"]
[SourceQuality "1"]

1. e4 c5 2. Nf3 e6 3. d4 cxd4 4. Nxd4 a6 5. Bd3 Nf6 6. 0-0 Qc7 7. Qe2 d6 8. c4 Nbd7 9. f4 Be7 10. Nc3 b6 11. Bd2 Bb7 12. Kh1 0-0 13. Rae1 Rad8 14. f5 e5 15. Nc2 Rfe8 16. Bg5 h6 17. Bc1 Nc5 18. b3 Nxd3 19. Qxd3 b5 20. cxb5 d5 21. exd5 Nxd5 22. Nxd5 Bxd5 23. Qe2 axb5 24. Ne3 Bc6 25. Bb2 Bc5 26. Ng4 f6 27. Rc1 Qb6 28. Nxh6+ gxh6 29. Qg4+ Kh8 30. Qg6 Bd5 31. Qxh6+ Kg8 32. Qg6+ Kf8 33. Rxc5 Qxc5 34. Qxf6+ Bf7 35. Qh8+ Ke7 36. f6+ Kd7 37. Qg7 Qd5 0-1